<?xml version="1.0" encoding="UTF-8"?>
<record
    xmlns:xsi="http://www.w3.org/2001/XMLSchema-instance"
    xsi:schemaLocation="http://www.loc.gov/MARC21/slim http://www.loc.gov/standards/marcxml/schema/MARC21slim.xsd"
    xmlns="http://www.loc.gov/MARC21/slim">

  <leader>03514nam2a22005891  4500</leader>
  <controlfield tag="001">v19\rc\1579726</controlfield>
  <controlfield tag="005">20260406164920.0</controlfield>
  <datafield tag="035" ind1=" " ind2=" ">
    <subfield code="a">(NLR Aleph) 005228362</subfield>
  </datafield>
  <datafield tag="090" ind1=" " ind2=" ">
    <subfield code="a">5578573</subfield>
    <subfield code="c">5578573</subfield>
  </datafield>
  <datafield tag="100" ind1=" " ind2=" ">
    <subfield code="a">20061002d1894    |||y0rusy50      ca</subfield>
  </datafield>
  <datafield tag="101" ind1="0" ind2=" ">
    <subfield code="a">rus</subfield>
  </datafield>
  <datafield tag="102" ind1=" " ind2=" ">
    <subfield code="a">RU</subfield>
  </datafield>
  <datafield tag="105" ind1=" " ind2=" ">
    <subfield code="a">c   z   |||||</subfield>
  </datafield>
  <datafield tag="200" ind1="1" ind2=" ">
    <subfield code="a">11. &#x414;&#x435;&#x440;&#x436;&#x430;&#x432;&#x438;&#x43D;</subfield>
  </datafield>
  <datafield tag="210" ind1=" " ind2=" ">
    <subfield code="d">1894</subfield>
    <subfield code="a">&#x411;. &#x43C;.</subfield>
  </datafield>
  <datafield tag="215" ind1=" " ind2=" ">
    <subfield code="a">[4], 603-776 &#x441;.</subfield>
    <subfield code="c">&#x43F;&#x43E;&#x440;&#x442;&#x440;.</subfield>
  </datafield>
  <datafield tag="423" ind1=" " ind2="0">
    <subfield code="1">1010#$arus</subfield>
    <subfield code="1">2001#$a&#x41E;&#x442;&#x434;. II. 12. &#x410;&#x431;&#x43B;&#x435;&#x441;&#x438;&#x43C;&#x43E;&#x432;</subfield>
    <subfield code="t">&#x41E;&#x442;&#x434;. II. 12. &#x410;&#x431;&#x43B;&#x435;&#x441;&#x438;&#x43C;&#x43E;&#x432;</subfield>
  </datafield>
  <datafield tag="423" ind1=" " ind2="0">
    <subfield code="1">1010#$arus</subfield>
    <subfield code="1">2001#$a13. &#x411;&#x430;&#x440;&#x43A;&#x43E;&#x432;</subfield>
    <subfield code="t">13. &#x411;&#x430;&#x440;&#x43A;&#x43E;&#x432;</subfield>
  </datafield>
  <datafield tag="423" ind1=" " ind2="0">
    <subfield code="1">1010#$arus</subfield>
    <subfield code="1">2001#$a14. &#x41A;&#x43D;&#x44F;&#x433;&#x438;&#x43D;&#x44F; &#x414;&#x430;&#x448;&#x43A;&#x43E;&#x432;&#x430;</subfield>
    <subfield code="t">14. &#x41A;&#x43D;&#x44F;&#x433;&#x438;&#x43D;&#x44F; &#x414;&#x430;&#x448;&#x43A;&#x43E;&#x432;&#x430;</subfield>
  </datafield>
  <datafield tag="423" ind1=" " ind2="0">
    <subfield code="1">1010#$arus</subfield>
    <subfield code="1">2001#$a15. &#x415;&#x43B;&#x430;&#x433;&#x438;&#x43D;</subfield>
    <subfield code="t">15. &#x415;&#x43B;&#x430;&#x433;&#x438;&#x43D;</subfield>
  </datafield>
  <datafield tag="423" ind1=" " ind2="0">
    <subfield code="1">1010#$arus</subfield>
    <subfield code="1">2001#$a16. &#x41A;&#x430;&#x43F;&#x43D;&#x438;&#x441;&#x442;</subfield>
    <subfield code="t">16. &#x41A;&#x430;&#x43F;&#x43D;&#x438;&#x441;&#x442;</subfield>
  </datafield>
  <datafield tag="423" ind1=" " ind2="0">
    <subfield code="1">1010#$arus</subfield>
    <subfield code="1">2001#$a17. &#x41A;&#x43D;&#x44F;&#x436;&#x43D;&#x438;&#x43D;</subfield>
    <subfield code="t">17. &#x41A;&#x43D;&#x44F;&#x436;&#x43D;&#x438;&#x43D;</subfield>
  </datafield>
  <datafield tag="423" ind1=" " ind2="0">
    <subfield code="1">1010#$arus</subfield>
    <subfield code="1">2001#$a18. &#x41A;&#x43E;&#x437;&#x43E;&#x434;&#x430;&#x432;&#x43B;&#x435;&#x432;</subfield>
    <subfield code="t">18. &#x41A;&#x43E;&#x437;&#x43E;&#x434;&#x430;&#x432;&#x43B;&#x435;&#x432;</subfield>
  </datafield>
  <datafield tag="423" ind1=" " ind2="0">
    <subfield code="1">1010#$arus</subfield>
    <subfield code="1">2001#$a19. &#x41B;&#x44C;&#x432;&#x43E;&#x432;</subfield>
    <subfield code="t">19. &#x41B;&#x44C;&#x432;&#x43E;&#x432;</subfield>
  </datafield>
  <datafield tag="461" ind1=" " ind2="0">
    <subfield code="1">001v19\rc\1579722</subfield>
    <subfield code="1">2001#$a&#x420;&#x443;&#x441;&#x441;&#x43A;&#x430;&#x44F; &#x43F;&#x43E;&#x44D;&#x437;&#x438;&#x44F;$e&#x421;&#x43E;&#x431;&#x440;. &#x43F;&#x440;&#x43E;&#x438;&#x437;&#x432;&#x435;&#x434;&#x435;&#x43D;&#x438;&#x439; &#x440;&#x443;&#x441;. &#x43F;&#x43E;&#x44D;&#x442;&#x43E;&#x432;, &#x447;&#x430;&#x441;&#x442;&#x44C;&#x44E; &#x432; &#x43F;&#x43E;&#x43B;&#x43D;. &#x441;&#x43E;&#x441;&#x442;&#x430;&#x432;&#x435;, &#x447;&#x430;&#x441;&#x442;&#x44C;&#x44E; &#x432; &#x438;&#x437;&#x432;&#x43B;&#x435;&#x447;., &#x441; &#x432;&#x430;&#x436;&#x43D;&#x435;&#x439;&#x448;&#x438;&#x43C;&#x438; &#x43A;&#x440;&#x438;&#x442;.-&#x431;&#x438;&#x43E;&#x433;&#x440;. &#x441;&#x442;., &#x431;&#x438;&#x431;&#x43B;&#x438;&#x43E;&#x433;&#x440;. &#x43F;&#x440;&#x438;&#x43C;&#x435;&#x447;. &#x438; &#x43F;&#x43E;&#x440;&#x442;&#x440;.$f&#x418;&#x437;&#x434;. &#x43F;&#x43E;&#x434; &#x440;&#x435;&#x434;. &#x421;.&#x410;. &#x412;&#x435;&#x43D;&#x433;&#x435;&#x440;&#x43E;&#x432;&#x430;.$v&#x412;&#x44B;&#x43F;. 4</subfield>
    <subfield code="9">4770278</subfield>
    <subfield code="c">&#x421;&#x430;&#x43D;&#x43A;&#x442;-&#x41F;&#x435;&#x442;&#x435;&#x440;&#x431;&#x443;&#x440;&#x433;</subfield>
    <subfield code="d">1893-1901</subfield>
    <subfield code="f">&#x418;&#x437;&#x434;. &#x43F;&#x43E;&#x434; &#x440;&#x435;&#x434;. &#x421;.&#x410;. &#x412;&#x435;&#x43D;&#x433;&#x435;&#x440;&#x43E;&#x432;&#x430;. &#x412;&#x44B;&#x43F;. 1-7</subfield>
    <subfield code="n">&#x442;&#x438;&#x43F;. &#x418;.&#x410;. &#x415;&#x444;&#x440;&#x43E;&#x43D;&#x430;</subfield>
    <subfield code="o">&#x421;&#x43E;&#x431;&#x440;. &#x43F;&#x440;&#x43E;&#x438;&#x437;&#x432;&#x435;&#x434;&#x435;&#x43D;&#x438;&#x439; &#x440;&#x443;&#x441;. &#x43F;&#x43E;&#x44D;&#x442;&#x43E;&#x432;, &#x447;&#x430;&#x441;&#x442;&#x44C;&#x44E; &#x432; &#x43F;&#x43E;&#x43B;&#x43D;. &#x441;&#x43E;&#x441;&#x442;&#x430;&#x432;&#x435;, &#x447;&#x430;&#x441;&#x442;&#x44C;&#x44E; &#x432; &#x438;&#x437;&#x432;&#x43B;&#x435;&#x447;., &#x441; &#x432;&#x430;&#x436;&#x43D;&#x435;&#x439;&#x448;&#x438;&#x43C;&#x438; &#x43A;&#x440;&#x438;&#x442;.-&#x431;&#x438;&#x43E;&#x433;&#x440;. &#x441;&#x442;., &#x431;&#x438;&#x431;&#x43B;&#x438;&#x43E;&#x433;&#x440;. &#x43F;&#x440;&#x438;&#x43C;&#x435;&#x447;. &#x438; &#x43F;&#x43E;&#x440;&#x442;&#x440;.</subfield>
    <subfield code="p">7 &#x442;.</subfield>
    <subfield code="t">&#x420;&#x443;&#x441;&#x441;&#x43A;&#x430;&#x44F; &#x43F;&#x43E;&#x44D;&#x437;&#x438;&#x44F;</subfield>
    <subfield code="v">&#x412;&#x44B;&#x43F;. 4</subfield>
  </datafield>
  <datafield tag="517" ind1="0" ind2=" ">
    <subfield code="a">&#x414;&#x435;&#x440;&#x436;&#x430;&#x432;&#x438;&#x43D;</subfield>
  </datafield>
  <datafield tag="517" ind1="0" ind2=" ">
    <subfield code="a">&#x410;&#x431;&#x43B;&#x435;&#x441;&#x438;&#x43C;&#x43E;&#x432;</subfield>
  </datafield>
  <datafield tag="517" ind1="0" ind2=" ">
    <subfield code="a">&#x411;&#x430;&#x440;&#x43A;&#x43E;&#x432;</subfield>
  </datafield>
  <datafield tag="517" ind1="0" ind2=" ">
    <subfield code="a">&#x41A;&#x43D;&#x44F;&#x433;&#x438;&#x43D;&#x44F; &#x414;&#x430;&#x448;&#x43A;&#x43E;&#x432;&#x430;</subfield>
  </datafield>
  <datafield tag="517" ind1="0" ind2=" ">
    <subfield code="a">&#x415;&#x43B;&#x430;&#x433;&#x438;&#x43D;</subfield>
  </datafield>
  <datafield tag="517" ind1="0" ind2=" ">
    <subfield code="a">&#x41A;&#x430;&#x43F;&#x43D;&#x438;&#x441;&#x442;</subfield>
  </datafield>
  <datafield tag="517" ind1="0" ind2=" ">
    <subfield code="a">&#x41A;&#x43D;&#x44F;&#x436;&#x43D;&#x438;&#x43D;</subfield>
  </datafield>
  <datafield tag="517" ind1="0" ind2=" ">
    <subfield code="a">&#x41A;&#x43E;&#x437;&#x43E;&#x434;&#x430;&#x432;&#x43B;&#x435;&#x432;</subfield>
  </datafield>
  <datafield tag="517" ind1="0" ind2=" ">
    <subfield code="a">&#x41B;&#x44C;&#x432;&#x43E;&#x432;</subfield>
  </datafield>
  <datafield tag="702" ind1=" " ind2="1">
    <subfield code="4">570</subfield>
    <subfield code="8">rus</subfield>
    <subfield code="7">ca</subfield>
    <subfield code="a">&#x414;&#x435;&#x440;&#x436;&#x430;&#x432;&#x438;&#x43D;</subfield>
    <subfield code="b">&#x413;. &#x420;.</subfield>
    <subfield code="f">1743-1816</subfield>
    <subfield code="g">&#x413;&#x430;&#x432;&#x440;&#x438;&#x43B;&#x430; &#x420;&#x43E;&#x43C;&#x430;&#x43D;&#x43E;&#x432;&#x438;&#x447;</subfield>
    <subfield code="3">RU\NLR\AUTH\773473</subfield>
    <subfield code="9">113469</subfield>
  </datafield>
  <datafield tag="702" ind1=" " ind2="1">
    <subfield code="a">&#x410;&#x431;&#x43B;&#x435;&#x441;&#x438;&#x43C;&#x43E;&#x432;</subfield>
    <subfield code="b">&#x410;.&#x41E;.</subfield>
    <subfield code="f">1742-1783</subfield>
    <subfield code="g">&#x410;&#x43B;&#x435;&#x43A;&#x441;&#x430;&#x43D;&#x434;&#x440; &#x41E;&#x43D;&#x438;&#x441;&#x438;&#x43C;&#x43E;&#x432;&#x438;&#x447;</subfield>
    <subfield code="4">570</subfield>
  </datafield>
  <datafield tag="702" ind1=" " ind2="1">
    <subfield code="4">570</subfield>
    <subfield code="8">rus</subfield>
    <subfield code="7">ca</subfield>
    <subfield code="a">&#x411;&#x430;&#x440;&#x43A;&#x43E;&#x432;</subfield>
    <subfield code="b">&#x418;. &#x421;.</subfield>
    <subfield code="f">1732-1768</subfield>
    <subfield code="g">&#x418;&#x432;&#x430;&#x43D; &#x421;&#x435;&#x43C;&#x435;&#x43D;&#x43E;&#x432;&#x438;&#x447;</subfield>
    <subfield code="3">RU\NLR\AUTH\7759748</subfield>
    <subfield code="9">42679</subfield>
  </datafield>
  <datafield tag="702" ind1=" " ind2="1">
    <subfield code="4">570</subfield>
    <subfield code="8">rus</subfield>
    <subfield code="7">ca</subfield>
    <subfield code="a">&#x414;&#x430;&#x448;&#x43A;&#x43E;&#x432;&#x430;</subfield>
    <subfield code="b">&#x415;. &#x420;.</subfield>
    <subfield code="f">1743-1810</subfield>
    <subfield code="g">&#x415;&#x43A;&#x430;&#x442;&#x435;&#x440;&#x438;&#x43D;&#x430; &#x420;&#x43E;&#x43C;&#x430;&#x43D;&#x43E;&#x432;&#x43D;&#x430;</subfield>
    <subfield code="3">RU\NLR\AUTH\7711360</subfield>
    <subfield code="9">121109</subfield>
  </datafield>
  <datafield tag="702" ind1=" " ind2="1">
    <subfield code="a">&#x415;&#x43B;&#x430;&#x433;&#x438;&#x43D;</subfield>
    <subfield code="b">&#x418;.&#x41F;.</subfield>
    <subfield code="f">1725-&#x43E;&#x43A;. 1794</subfield>
    <subfield code="g">&#x418;&#x432;&#x430;&#x43D; &#x41F;&#x435;&#x440;&#x444;&#x438;&#x43B;&#x44C;&#x435;&#x432;&#x438;&#x447;</subfield>
    <subfield code="4">570</subfield>
  </datafield>
  <datafield tag="702" ind1=" " ind2="1">
    <subfield code="4">570</subfield>
    <subfield code="8">rus</subfield>
    <subfield code="7">ca</subfield>
    <subfield code="a">&#x41A;&#x430;&#x43F;&#x43D;&#x438;&#x441;&#x442;</subfield>
    <subfield code="b">&#x412;. &#x412;.</subfield>
    <subfield code="f">1757-1823</subfield>
    <subfield code="g">&#x412;&#x430;&#x441;&#x438;&#x43B;&#x438;&#x439; &#x412;&#x430;&#x441;&#x438;&#x43B;&#x44C;&#x435;&#x432;&#x438;&#x447;</subfield>
    <subfield code="3">RU\NLR\AUTH\7723173</subfield>
    <subfield code="9">6227</subfield>
  </datafield>
  <datafield tag="702" ind1=" " ind2="1">
    <subfield code="4">570</subfield>
    <subfield code="8">rus</subfield>
    <subfield code="7">ca</subfield>
    <subfield code="a">&#x41A;&#x43D;&#x44F;&#x436;&#x43D;&#x438;&#x43D;</subfield>
    <subfield code="b">&#x42F;. &#x411;.</subfield>
    <subfield code="f">1742-1791</subfield>
    <subfield code="g">&#x42F;&#x43A;&#x43E;&#x432; &#x411;&#x43E;&#x440;&#x438;&#x441;&#x43E;&#x432;&#x438;&#x447;</subfield>
    <subfield code="3">RU\NLR\AUTH\7792540</subfield>
    <subfield code="9">75467</subfield>
  </datafield>
  <datafield tag="702" ind1=" " ind2="1">
    <subfield code="4">570</subfield>
    <subfield code="8">rus</subfield>
    <subfield code="7">ca</subfield>
    <subfield code="a">&#x41A;&#x43E;&#x437;&#x43E;&#x434;&#x430;&#x432;&#x43B;&#x435;&#x432;</subfield>
    <subfield code="b">&#x41E;. &#x41F;.</subfield>
    <subfield code="f">1754-1819</subfield>
    <subfield code="g">&#x41E;&#x441;&#x438;&#x43F; &#x41F;&#x435;&#x442;&#x440;&#x43E;&#x432;&#x438;&#x447;</subfield>
    <subfield code="3">RU\NLR\AUTH\7785225</subfield>
    <subfield code="9">68153</subfield>
  </datafield>
  <datafield tag="702" ind1=" " ind2="1">
    <subfield code="4">570</subfield>
    <subfield code="8">rus</subfield>
    <subfield code="7">ca</subfield>
    <subfield code="a">&#x41B;&#x44C;&#x432;&#x43E;&#x432;</subfield>
    <subfield code="b">&#x41D;. &#x410;.</subfield>
    <subfield code="f">1751-1803</subfield>
    <subfield code="g">&#x41D;&#x438;&#x43A;&#x43E;&#x43B;&#x430;&#x439; &#x410;&#x43B;&#x435;&#x43A;&#x441;&#x430;&#x43D;&#x434;&#x440;&#x43E;&#x432;&#x438;&#x447;</subfield>
    <subfield code="3">RU\NLR\AUTH\7749188</subfield>
    <subfield code="9">32123</subfield>
  </datafield>
  <datafield tag="801" ind1=" " ind2="0">
    <subfield code="a">RU</subfield>
    <subfield code="b">NLR</subfield>
    <subfield code="c">20061002</subfield>
    <subfield code="g">psbo</subfield>
  </datafield>
  <datafield tag="801" ind1=" " ind2="0">
    <subfield code="a">RU</subfield>
    <subfield code="b">RuMoRGB</subfield>
    <subfield code="c">20061002</subfield>
    <subfield code="2">psbo</subfield>
  </datafield>
  <datafield tag="801" ind1=" " ind2="1">
    <subfield code="a">RU</subfield>
    <subfield code="b">ProSoft-M</subfield>
    <subfield code="c">20061002</subfield>
    <subfield code="2">rusmarc</subfield>
  </datafield>
  <datafield tag="801" ind1=" " ind2="2">
    <subfield code="a">RU</subfield>
    <subfield code="b">NLR</subfield>
    <subfield code="c">20101011</subfield>
    <subfield code="2">rusmarc</subfield>
  </datafield>
  <datafield tag="852" ind1=" " ind2=" ">
    <subfield code="a">NLR</subfield>
    <subfield code="j">18.340&#x430;.1.1(4)</subfield>
  </datafield>
  <datafield tag="852" ind1=" " ind2=" ">
    <subfield code="a">NLR</subfield>
    <subfield code="j">52/705(4)</subfield>
  </datafield>
  <datafield tag="942" ind1=" " ind2=" ">
    <subfield code="c">BOOK</subfield>
  </datafield>
  <datafield tag="980" ind1=" " ind2=" ">
    <subfield code="a">NB</subfield>
  </datafield>
  <datafield tag="995" ind1=" " ind2=" ">
    <subfield code="5">2013-10-26</subfield>
    <subfield code="b">NLR02</subfield>
    <subfield code="c">NLR02</subfield>
    <subfield code="e">RFS</subfield>
    <subfield code="f">5228362-10</subfield>
    <subfield code="k">18.340&#x430;.1.1(4)</subfield>
    <subfield code="o">0</subfield>
    <subfield code="r">BOOK</subfield>
    <subfield code="s">18340114_</subfield>
  </datafield>
  <datafield tag="995" ind1=" " ind2=" ">
    <subfield code="5">2013-10-26</subfield>
    <subfield code="b">NLR02</subfield>
    <subfield code="c">NLR02</subfield>
    <subfield code="e">RFS</subfield>
    <subfield code="f">5228362-20</subfield>
    <subfield code="k">18.340&#x430;.1.1(4)&#x430;</subfield>
    <subfield code="o">0</subfield>
    <subfield code="r">BOOK</subfield>
    <subfield code="s">18340114_</subfield>
  </datafield>
  <datafield tag="995" ind1=" " ind2=" ">
    <subfield code="5">2023-09-04</subfield>
    <subfield code="b">NLR02</subfield>
    <subfield code="c">NLR02</subfield>
    <subfield code="e">RFS</subfield>
    <subfield code="f">5228362-30</subfield>
    <subfield code="k">52/705(4)</subfield>
    <subfield code="o">0</subfield>
    <subfield code="r">BOOK</subfield>
    <subfield code="s">527054_</subfield>
  </datafield>
</record>
